00430cam a22001337a 4500008004000000082001800040100001700058245004500075260002700120300001000147500007100157650003300228650003500261180718b1905 xxu||||| |||| 00| 0 eng d aA72x5431 K744 aKnight, E.F. aWhere three empires meetcby E.F. Knight aBombaybLongmansc1905 a528p. aTravels in Kashmir, Western Tiber, G:light and adjoining countries aTibet - Description & travel aKashmir - Description & travel